| 000 | 01054cam a22003011i 4500 | ||
|---|---|---|---|
| 999 |
_c200441572 _d59784 |
||
| 001 | 200441572 | ||
| 003 | TR-AnTOB | ||
| 005 | 20240824073709.0 | ||
| 007 | ta | ||
| 008 | 210625s1965 fr r 000 0 eng d | ||
| 010 | _a 72220372 | ||
| 040 |
_aDLC _beng _erda _cDLC _dDLC _dTR-AnTOB |
||
| 041 | 0 | _aeng | |
| 050 | 0 | 4 |
_aTD424.5 _b.O74 1965 |
| 090 |
_aTD424.5 _b.O74 1965 |
||
| 110 | 2 |
_aOrganisation for Economic Co-operation and Development _933753 |
|
| 245 | 1 | 0 | _aDirectory of water pollution research laboratories. |
| 264 | 1 |
_a[Paris] : _bOrganisation for Economic Co-operation and Development. Directorate for Scientific Affairs, Central Service for International Co-operation in Scientific Research, _c[1965] |
|
| 300 |
_a519 pages ; _c24 cm |
||
| 336 |
_2rdacontent _atext _btxt |
||
| 337 |
_2rdamedia _aunmediated _bn |
||
| 338 |
_2rdacarrier _avolume _bnc |
||
| 500 | _aIssued also in French. | ||
| 650 | 0 |
_aWater _xPollution _xResearch _vDirectories _9132138 |
|
| 942 |
_2lcc _cBK |
||